000 00376 a2200169 4500
001 70093
020 _a8508076479
040 _cAnchieta - Itaigara
100 _aVerissimo, Luis Fernando
240 1 0 _aFesta de criança
_lpor
245 1 0 _aFesta de criança
300 _a133
362 0 _a2002
440 1 _aÁtica
650 4 _aLiteratura infanto-juvenil
942 _cBK
999 _c70093
_d70093